00627 2200229 4500001002100000005001700021008004100038035002400079082001400103090001900117245006900136260002900205300002300234650004400257700001500301850001500316980001500331985000600346999001500352999001500367999001500382YOGYA-0209000005224720090227032925.0 ind  0010-020900000052247 a499.22326 a499.22326bMor aMORFOLOGI dan sintaksis bahasa MaduracM. Moehnilabib...[et. al] aJakartabDepdikbudc1979 axi, 182 hlmc21 cm aBahasa Madura - morfologi dan sintaksis aMuhnilabib aYOPDYOG(M) a29-12-2007 a3 aa000038435 aa000038436 aa000038254